00614nab a2200193uuc4500001000800000005001700008008004100025035001200066035002100078040001300099041000800112100004100120245002300161650004400184650004100228773012200269942001000391999001900401118641920240202094646.0100129e20091001 spa  a1186419 a(OCoLC)820522700 ccomduadb aspa10aSantana, Adalberto4auteaut929497310aCrisis en Honduras aHonduras - Condiciones politicas932582 aCrisis política - Honduras91860100 tCuadernos Americanos (México)gVolumen 004, Número 130, Octubre-Diciembre 2009, p. 11-22w116900z0185156X068748 cARIMP c546795d546795